| 000 | 00793nam a2200253 a 4500 | ||
|---|---|---|---|
| 001 | BRL_853 | ||
| 005 | 20190320210927.0 | ||
| 008 | 181013s1971----au-a######---#000-0#ger-# | ||
| 041 | _ager | ||
| 044 | _aau | ||
| 050 | 4 |
_aNK944.A92 _b.W46 1971 |
|
| 100 | 1 |
_aWeninger, Peter _925137 |
|
| 245 | 1 | 0 |
_aVolkskunst in den Alpen _cPeter Weninger ; Einleitung und Bearbeitung Dr. Franz Colleselli |
| 260 |
_aInnsbruck _bPenguin Verlag _c1971 |
||
| 300 |
_a115 p. _bil. (algunas a color) _c27 cm. |
||
| 500 | _aAu985 | ||
| 500 | _aIntroducción y subtítulos en Inglés, francés y alemán | ||
| 650 | 1 | 4 |
_aArte popular _zAustria _925138 |
| 650 | 1 | 4 |
_aArte popular _zAlemania _925139 |
| 650 | 1 | 4 |
_aArte popular _zSuiza _925140 |
| 700 | 1 |
_aColleselli, Franz _925141 |
|
| 902 | _aGRL | ||
| 942 |
_2lcc _cB |
||
| 999 |
_c9665 _d9665 |
||